000 00351nam a2200121Ia 4500
008 220204s9999 xx 000 0 und d
082 _a581.52:635.054
_bKOZ
100 _aKOZLOWSKI, Theodore T
245 0 _aTree growth and environmental stresses
260 _aSeatle
_bWashington University Press
_c1979
650 _aEnvironmental stress
942 _cBK
999 _c35334
_d35334